000 00412nam a22001697a 4500
003 MPLRDC
005 20220104144402.0
008 210129b ||||| |||| 00| 0 eng d
082 _a953.1 XWY
100 _a熊文遇著述
245 _a摄影一百讲
_c
260 _a
_b汇通书店
_c
300 _b
490 _a国际摄影学院教材及电台摄影讲词
650 _a
942 _cBK
_o953.1 XWY
999 _c49107
_d49097